All Eredivisie Teams ever - Statistics

General Stats
  • This quiz has been taken 74 times
  • The average score is 13 of 54
Answer Stats
Points Team Games Times Seasons % Correct
4847 Ajax 2219 1956- 66+
100%
4549 PSV 2220 1956- 66+
89%
2328 AZ Alkmaar 1487 1968–71, 1972–88, 1996/97, 1998– 44+
54%
2470 Sparta Rotterdam 1870 1956–2002, 2005–10, 2016–2018, 2019– 56+
50%
2422 Utrecht 1759 1970- 52+
50%
2922 Twente 1864 1965–83, 1984–2018, 2019– 55+
48%
1889 Groningen 1454 1971–74, 1980–98, 2000– 43+
45%
1817 Vitesse 1250 1971/72, 1977–80, 1989– 37+
41%
690 Excelsior 748 1970–73, 1974–76, 1979–81, 1982–87, 2002/03, 2006–08, 2010–12, 2014–2019, 2022– 22+
39%
1465 Heerenveen 1012 1990/91, 1993– 30+
38%
899 Volendam 842 1959/60, 1961–64, 1967–69, 1970–72, 1977–79, 1983–85, 1987–98, 2003/04, 2008/09, 2022– 25+
38%
869 Venlo 808 1956–62, 1976–79, 1985–89, 1991/92, 1993/94, 2007/08, 2009–13, 2017–2021 24
36%
1557 NEC 1394 1967–74, 1975–83, 1985/86, 1989–91, 1994–2014, 2015–2017, 2021– 41+
34%
1931 Den Haag 1574 1957–82, 1986–88, 1989–92, 2003–07, 2008–2021 47
32%
1768 Willem II 1548 1956/57, 1958–63, 1965–67, 1979–84, 1987–2011, 2012/13, 2014–2022 46
32%
1279 Go Ahead Eagles 1076 1963–87, 1992–96, 2013–15, 2016/2017, 2021– 32+
30%
250 Cambuur 272 1992–94, 1998–2000, 2013–2016, 2021– 8+
29%
100 Emmen 94 2018–2021, 2022– 3+
29%
866 Fortuna Sittard 774 1968/69, 1982–93, 1995–2002, 2018– 23+
29%
836 Heracles Almelo 724 1962–66, 1985/86, 2005–2022 22
29%
1406 Maastricht 1208 1956–76, 1978–82, 1984–86, 1988–95, 1997–2000 36
25%
2080 Roda 1496 1973–2014, 2015–2018 44
25%
806 Zwolle 740 1978–85, 1986–89, 2002–04, 2012–2022 22
23%
2027 Breda 1688 1956–65, 1966–83, 1984/85, 1993–99, 2000–15, 2017–2019 50
21%
1000 Waalwijk 876 1988–2007, 2009/10, 2011–14, 2019– 26+
21%
646 De Graafschap 714 1973–77, 1981/82, 1991/92, 1995–2003, 2004/05, 2007–09, 2010–12, 2015–2016, 2018–2019 21
20%
465 Den Bosch 442 1971–73, 1983–90, 1992/93, 1999/2000, 2001/02, 2004/05 13
20%
94 FC Eindhoven 102 1956/57, 1975–77 3
20%
694 Haarlem 612 1969–71, 1972–75, 1976–80, 1981–90 18
20%
494 Telstar 468 1964–78 14
20%
4293 Feyernoord 2219 1956- 66+
18%
54 Helmond Sport 68 1982–84 2
18%
139 Dordrecht 204 1983/84, 1987/88, 1991–93, 1994/95, 2014/15 5
14%
131 Roosendaal 170 2000/01, 2002–06 5
14%
239 FC Amsterdam 204 1972–78 6
11%
613 DOS 460 1956–70 14
9%
59 Veendam 68 1986/87, 1988/89 2
9%
57 Wageningen 68 1974/75, 1980/81 2
9%
30 Alkmaar 54 34 1960/61 1
7%
64 BVV 68 1956–58 2
7%
558 DWS 430 1958–62, 1963–72 13
7%
484 GVAV 392 1956–58, 1960–70 12
7%
125 Sittardia 132 1959/60, 1964/65, 1966–68 4
7%
440 Enschede 294 1956–1965 9
5%
522 Fortuna 54 392 1956–68 12
5%
266 Rapid JC 204 1956–62 6
5%
95 Xerxes 68 1966–68 2
5%
237 Blauw Wit Amsterdam 196 1957–60, 1961–64 6
4%
80 BVC Amsterdam 68 1956–58 2
4%
245 Elinkwijk 234 1956–61, 1965–67 7
4%
145 Holland Sport 136 1958/59, 1968–71 4
4%
52 Schiedam 68 1969/70, 1990/91 2
4%
129 TSV NOAD Tilburg 136 1956–59, 1960/61 4
4%
55 Volewijkers 64 1961–63 2
4%
No matching quizzes found
Score Distribution
Percent of People with Each Score
Percentile by Number Answered
Your Score History
You have not taken this quiz